| 000 -LEADER |
| fixed length control field |
00390nam a2200133Ia 4500 |
| 008 - FIXED-LENGTH DATA ELEMENTS--GENERAL INFORMATION |
| fixed length control field |
221224s9999||||xx |||||||||||||| ||und|| |
| 082 ## - DEWEY DECIMAL CLASSIFICATION NUMBER |
| Classification number |
242 |
| Item number |
GAU/Y |
| 100 ## - MAIN ENTRY--PERSONAL NAME |
| Personal name |
Gaud, Ashoka Kumar |
| 245 #0 - TITLE STATEMENT |
| Title |
Yagya Rahasyam-Ashok Kumar Gaur Praneet: Indu Hindi Teeka Se Alankrit |
| 250 ## - EDITION STATEMENT |
| Edition statement |
1st Edition |
| 260 ## - PUBLICATION, DISTRIBUTION, ETC. |
| Place of publication, distribution, etc. |
Varanasi |
| Name of publisher, distributor, etc. |
Thakur Prasad and Sans Bookseller&c1985 |
| 300 ## - PHYSICAL DESCRIPTION |
| Extent |
415 |
| 942 ## - ADDED ENTRY ELEMENTS (KOHA) |
| Koha item type |
|